000 00346nam a2200145Ia 4500
008 230917s9999||||xx |||||||||||||| ||und||
040 _e140704
_aMAIN
041 _aEnglish
082 _a006.6 A79M
100 _aAltman, Rick
245 0 _aMarketing Corel Draw 9
260 _aNew Delhi
_bPublications
_c1999
300 _a909 p.
942 _cBK
999 _c107606
_d107606